000 00561nam a2200205Ii 4500
003 JO-AjNU
008 230606s9999||||xx |||||||||||||| ||und||
020 _a978-81-203-3594-3
040 _aJO-AjNU
_beng
_erda
_cJO-AjNU
041 _aeng
050 1 4 _aQA76.9.2009
100 3 _aP.V.S.Rao,
_eauthor
_9154
245 0 0 _acomputer system Architecture
264 3 1 _aNewDelhi:PHLLearning
300 _a500p
336 _atext
_btxt
_2rdacontent
337 _aunmediated
_bn
_2rdamedia
338 _avolume
_bnc
_2rdacarrier
650 4 _aComputer architecture. 
_9155
999 _aE81
_c81
_d81